00668cam a2200205Ma 450000500170000000800410001702000180005803500210007604000500009704100080014708000100015510000270016524500610019226000550025330000180030850400410032665000310036765000360039865000280043420160620092117.0160620s2013 bl fr 000 0 por d a9788530944650 a(OCoLC)857059287 aCO-BoUCMbspacSandra PalaciodSandra Palacio0 apor a347.61 aTavares, André Ramos10aDireito constitucional da empresacAndré Ramos Tavares aRío de Janeiro (Brasil)bEditora método c2013 a269 páginas aIncluye referencias bibliográficas17aDerecho comercial zBrasil27aDerecho constitucional zBrasil 7aDerecho privado zBasil